banner-ar

اوليات المنطق الرمزى / (Record no. 60683)

MARC details
000 -الفاتح
حقل البيانات ثابتة الطول 00670nam a2200217Ia 4500
005 - وقت وتاريخ اخر تعامل مع التسجيلة
رقم الضبط 20240530110422.0
008 - عناصر البيانات ثابتة الطول - معلومات عامة
حقل البيانات ثابتة الطول 140319s9999 xx 000 0 ara d
040 ## - مصدر الفهرسة
وكالة الفهرسة الأصلية GCL /
وكالة النسخ GCL
082 04 - رقم تصنيف ديوى العشرى
رقم الطبعة 21
رقم التصنيف 162\
رقم المادة ا ا
100 1# - المدخل الرئيسى - إسم شخصى
الإسم الشخصى عبدالفتاح الديدى
245 10 - بيان العنوان
العنوان اوليات المنطق الرمزى /
بيان المسئوليه,etc عبدالفتاح الديدى
260 ## - PUBLICATION, DISTRIBUTION, ETC. (IMPRINT)
تاريخ النشر أو التوزيع 1983
300 ## - الوصف المادى
التعداد 214
650 04 - المدخل الاضافى بالموضوع-مصطلح موضوعى
مصطلح موضوعي الرياضيات
650 04 - المدخل الاضافى بالموضوع-مصطلح موضوعى
مصطلح موضوعي المنطق الرمزي
650 04 - المدخل الاضافى بالموضوع-مصطلح موضوعى
مصطلح موضوعي المنطق
700 1# - المدخل الاضافى - اسم شخصى
الإسم الشخصى امبروز، اليس
700 1# - المدخل الاضافى - اسم شخصى
الإسم الشخصى لاذيد وفيتش، موريس
942 ## - عناصر المدخل الإضافي( كوها)
مصدر التصنيف او مخطط الترفيف Dewey Decimal Classification
Koha [default] item type كتاب
260 ## - PUBLICATION, DISTRIBUTION, ETC. (IMPRINT)
-- [S.N] :
-- المجلس الاعلى للثقافة ،
Holdings
حالة التراجع حالة الفقد مصدر التصنيف او خطة الترفيف حالة تلف ليس للاعارة المكان المؤقت الموقع الحالى تاريخ الاكتساب اجمالي اﻻعارات رقم الطلب الباركود تاريخ اخر مشاهدة تاريخ تفعيل السعر نوع وعاء كوها موقع الترفيف
    ddc     مكتبة القاهرة الكبرى مكتبة القاهرة الكبرى 03/14/2015   162\ ا ا 159784 03/14/2015 03/14/2015 كتاب  
    ddc     مكتبة القاهرة الكبرى مكتبة القاهرة الكبرى 05/06/2018   162\ ا ا 164658 05/06/2018 05/06/2018 كتاب القاعة الرئيسية
    ddc     مكتبة القاهرة الكبرى مكتبة القاهرة الكبرى 05/07/2018   162\ ا ا 164675 05/07/2018 05/07/2018 كتاب القاعة الرئيسية

Powered By

EGPV